000 00307nam a2200121Ia 4500
005 20251222153533.0
008 251222s9999||||xx |||||||||||||| ||spa||
020 _a9972050394
082 _a239.1/C76
245 0 _aCatecismo de la Iglesia Católica:
264 _bConferencia Episcopal Peruana
942 _cLIB
999 _c30177
_d30177